Salmantica docet: la proyección de la Universidad de Salamanca en Hispanoamérica

Guardat en:
Dades bibliogràfiques
Autor principal: Rodríguez Cruz, Agueda María (Autor)
Format: Llibre
Idioma:espanyol
Publicat: Salamanca Universidad de Salamanca 1977
Matèries:
Etiquetes: Afegir etiqueta
Sense etiquetes, Sigues el primer a etiquetar aquest registre!

MARC

LEADER 00000nam a2200000 a 4500
001 UCL2997
003 CL-VaPUC
008 031114e19770000SP |||||||||||||||||spa|d
082 0 4 |a 378.46  |b ROD  |2 21 
100 0 |a Rodríguez Cruz, Agueda María  |e author  |9 480235 
245 1 0 |a Salmantica docet: la proyección de la Universidad de Salamanca en Hispanoamérica 
300 |a v 
942 |c BK 
945 |d 20031114 00:00:00  |a rbrito 
260 |a Salamanca  |b Universidad de Salamanca  |c 1977 
600 0 7 |a UNIVERSIDAD DE SALAMANCA  |2 CL-VaPUC  |9 307943 
650 0 |a Educación superior   |9 223851 
651 0 |a España  |9 254926 
583 |a last modification  |c 20031114 00:00:00  |k Rodrigo Vera 
999 |c 306151  |d 306149 
952 |0 0  |1 0  |4 0  |6 378_460000000000000_ROD_1977  |7 0  |8 DER_HDC  |9 370918  |a BIBDER  |b BIBDER  |d 2019-11-21  |h v.1  |i 3939340  |o 378.46 ROD 1977  |p 3939340  |r 2023-01-25  |w 2019-11-21  |x Ubicación 4to Piso  |y BK  |z Estos recursos deben solicitarse con anticipación  |k DER